Nové marketingové trendy nejsou žádným strašákem
Z čoho vychádzajú zásadné trendy ďalšieho rozvoja marketingu. Marketing vzťahov - relačný marketing. Individualizácia vzťahov v marketingu. Koncepcia CRM. Budúcnosť marketingu. Marketingové správanie firiem.
Salvato in:
| Autore principale: | |
|---|---|
| Altri autori: | |
| Natura: | Capitolo di libro |
| Lingua: | ceco |
| Soggetti: | |
| Tags: |
Nessun Tag, puoi essere il primo ad aggiungerne!!
|
MARC
| LEADER | 00000naa$a2200000$$$4500 | ||
|---|---|---|---|
| 001 | 0075151 | ||
| 005 | 20231018131015.4 | ||
| 041 | 0 | |a cze | |
| 044 | |a CZ | ||
| 245 | 1 | 0 | |a Nové marketingové trendy nejsou žádným strašákem |c Gustav Tomek, Věra Vávrová |
| 520 | |a Z čoho vychádzajú zásadné trendy ďalšieho rozvoja marketingu. Marketing vzťahov - relačný marketing. Individualizácia vzťahov v marketingu. Koncepcia CRM. Budúcnosť marketingu. Marketingové správanie firiem. | ||
| 610 | 2 | 0 | |a marketing |
| 610 | 2 | 0 | |a komunikácia marketingová |
| 610 | 2 | 0 | |a stratégia marketingová |
| 610 | 2 | 0 | |a produkty |
| 610 | 2 | 0 | |a zákazníci |
| 610 | 2 | 0 | |a starostlivosť o zákazníkov |
| 610 | 2 | 0 | |a lojálnosť zákazníkov |
| 610 | 2 | 0 | |a služby |
| 610 | 2 | 0 | |a značky výrobkov |
| 610 | 2 | 0 | |a manažment |
| 610 | 2 | 0 | |a inovácia |
| 100 | 1 | |a Tomek, Gustav | |
| 700 | 1 | |a Vávrová, Věra | |